Get the Picture: Songs Called 'Jump' Quiz Stats

 Plays Quiz Updated Jun 22, 2019

Score 0/12 Timer 02:00
0 Plays Today
Question Answer Wrong Answers
You told me I'm the only woman for you
Nobody does you like I do
Pointer Sisters
85.7%
Van Halen
5.5%
Kris Kross
4%
Don't try to compare us to another bad little fad
I'm the Mac and I'm bad, give ya something that you never had
Kris Kross
84.8%
Pointer Sisters
5.5%
Van Halen
5.2%
Yeah, you know me
I got you jumpin' an' bumpin' an' pumpin' movin' all around, G
Kris Kross
84.1%
Pointer Sisters
6.8%
Van Halen
4.3%
Well, can't you see me standing here?
I've got my back against the record machine
Van Halen
83.4%
Pointer Sisters
9%
Kris Kross
2.9%
Might as well jump
Go ahead, jump
Van Halen
81.2%
Pointer Sisters
7.2%
Kris Kross
7.6%
How high? Real high! 'Cause I'm just so fly
A young lovable, huggable type of guy
Kris Kross
80.3%
Pointer Sisters
5.7%
Van Halen
9.4%
If you want to taste my kisses in the night
Then jump, jump for my love
Pointer Sisters
79.9%
Van Halen
11.3%
Kris Kross
4.7%
Your eyes tell me how you love me
Can feel it in your heart beat
Pointer Sisters
79.6%
Van Halen
9.1%
Kris Kross
6%
I ain't the worst that you've seen
Oh, can't you see what I mean?
Van Halen
77.4%
Pointer Sisters
9.5%
Kris Kross
8.7%
You've got to roll with the punches to get to what's real Van Halen
76.6%
Pointer Sisters
8.7%
Kris Kross
9.8%
To the back you'll be sportin' the gear; is that coincidental?
Act like you know and don't be claiming that it's mental
Kris Kross
76.3%
Pointer Sisters
8.4%
Van Halen
10.4%
You're the one, you are the one
And heaven waits here at my door
Pointer Sisters
75.4%
Van Halen
13.5%
Kris Kross
5.9%

Today's Daily Dose

Missing Word
Banned Books (A-Z)

Word Ladder
Janis Joplin

Get the Picture
Occupations

You're not logged in!

Compare scores with friends on all Sporcle quizzes.
OR
Log In

Sporcle TV

Today on Sporcle TV


Watch our educational content, quiz creation guides, and fun videos on Sporcle TV.

Show Comments

Extras

Top Quizzes Today


Score Distribution

Your Account Isn't Verified!

In order to create a playlist on Sporcle, you need to verify the email address you used during registration. Go to your Sporcle Settings to finish the process.

Report this User

Report this user for behavior that violates our Community Guidelines.

Details: